<?xml version="1.0" encoding="UTF-8"?>
<record
    xmlns:xsi="http://www.w3.org/2001/XMLSchema-instance"
    xsi:schemaLocation="http://www.loc.gov/MARC21/slim http://www.loc.gov/standards/marcxml/schema/MARC21slim.xsd"
    xmlns="http://www.loc.gov/MARC21/slim">

  <leader>00381    a2200109   4500</leader>
  <controlfield tag="001">ART_9598</controlfield>
  <controlfield tag="005">20260410161837.0</controlfield>
  <controlfield tag="008">260409a                                 </controlfield>
  <datafield tag="245" ind1="1" ind2="0">
    <subfield code="a">Un criterio econ&#xF3;mico de elecci&#xF3;n del sistema de inspecci&#xF3;n de lotes por atributos</subfield>
  </datafield>
  <datafield tag="100" ind1="1" ind2=" ">
    <subfield code="a">Wajchman, Mauricio</subfield>
  </datafield>
  <datafield tag="773" ind1="0" ind2=" ">
    <subfield code="t">Contabilidad y administraci&#xF3;n</subfield>
    <subfield code="g">- A&#xF1;o 5, N&#xBA; 52 (oct. 1981)</subfield>
    <subfield code="w">REV5485</subfield>
  </datafield>
  <datafield tag="999" ind1=" " ind2=" ">
    <subfield code="c">23718</subfield>
    <subfield code="d">23718</subfield>
  </datafield>
</record>
